[Event "Rostock SSC op 16th"]
[Site "Rostock"]
[Date "2017.07.27"]
[Round "3"]
[White "Dinse, Michael"]
[Black "Dietz, Andre"]
[Result "1/2-1/2"]
[WhiteElo "1679"]
[BlackElo "1857"]
[PlyCount "76"]
[EventDate "2017.07.26"]
[EventType "swiss"]
[EventRounds "7"]
[EventCountry "GER"]
[SourceTitle "EXT 2018"]
[Source "ChessBase"]
[SourceDate "2017.10.13"]
[SourceVersion "1"]
[SourceVersionDate "2017.10.13"]
[SourceQuality "1"]

1. d4 d5 2. c4 c6 3. e3 Nf6 4. Nc3 Nbd7 5. Nf3 e6 6. Bd3 dxc4 7. Bxc4 b5 8. Bd3 Bb7 9. 0-0 a6 10. a3 c5 11. dxc5 Nxc5 12. Bc2 Be7 13. b4 Nce4 14. Bb2 0-0 15. Ne2 Rc8 16. Nfd4 Nd6 17. Bd3 Nc4 18. Bc1 Qd7 19. Ng3 Rfd8 20. Qe2 Qd5 21. f3 Bd6 22. Rd1 Bxg3 23. hxg3 Qd7 24. Nb3 Qc7 25. Nc5 Ba8 26. Kf2 Qc6 27. Bxc4 Rxd1 28. Qxd1 bxc4 29. Bb2 Ng4+ 30. Ke2 f6 31. Rc1 Qb5 32. Qd7 Qxd7 33. Nxd7 Bc6 34. Nc5 Nh6 35. Nxe6 Nf5 36. Kf2 Re8 37. Nd4 Nxd4 38. Bxd4 Bb5 1/2-1/2